Relier les événements à la bonne année #1 - Statistiques

Statistiques générales
  • Ce quiz a été pris 172 fois
    121 depuis la dernière actualisation
  • Le résultat moyen est 5 sur 17
Statistiques - réponses
Hint Réponse % Correct
Première vidéo mise en ligne sur YouTube 2005
59%
Record du monde de 100m de 9 s 58 par Usain Bolt 2009
50%
Sortie du tout premier iPhone d’Apple 2007
45%
1ère coupe du monde au soccer 1930
43%
Mort de John F. Kennedy 1963
41%
Sortie du tout premier Toy Story 1995
39%
La naissance de Michael Jackson 1958
33%
Début du règne de la reine Élisabeth II 1952
29%
Date de la première coupe du monde gagnée des allemands 1954
29%
Jeux olympiques déroulés à Montréal 1976
26%
Apparition d’Internet 1989
24%
Sortie de la première PlayStation 1994
24%
Sortie du premier film en couleur 1932
19%
Sortie du premier jeu vidéo (Pong) 1972
18%
Sortie de la console de jeu 3ds 2011
16%
Date du 1er référendum de Québec 1980
10%
Fondation de Microsoft 1975
5%
Aucun quiz correspondant
Distribution des résultats
% des personnes avec chaque résultat
Percentile par nombre de réponses
Votre historique - résultats
Vous n’avez pas pris ce quiz depuis la dernière actualisation